[Event "46th Rilton Cup 2016-17"]
[Site "Stockholm SWE"]
[Date "2016.12.27"]
[Round "1.49"]
[White "Ornstein, Axel"]
[Black "Darnell, Anton"]
[Result "1-0"]
[WhiteTitle "IM"]
[WhiteElo "2338"]
[BlackElo "2002"]
[WhiteFideId "1700111"]
[BlackFideId "1720244"]
[EventDate "2016.12.27"]

1. Nf3 Nf6 2. c4 c6 3. d4 d5 4. Nc3 a6 5. c5 Nbd7 6. Bf4 Nh5 7. Bd2 Nhf6 8. Qc2
g6 9. h3 Qc7 10. e4 dxe4 11. Ng5 Nd5 12. Bc4 N7f6 13. Ngxe4 Bg7 14. Nxf6+ Nxf6
15. O-O O-O 16. Rad1 Bf5 17. Qb3 Ne4 18. Nxe4 Bxe4 19. Rfe1 Bd5 20. Bxd5 cxd5
21. Bg5 e6 22. Bh4 Qc6 23. Be7 Rfe8 24. Bd6 Bf8 25. Bxf8 Rxf8 26. Qe3 a5 27. h4
h5 28. Qh6 Qd7 29. Re5 Qe7 30. Rg5 Qf6 31. Qxh5 Kg7 32. Qg4 Rfc8 33. Rd3 Rc6 34.
Rf3 Qe7 35. h5 1-0

[Event "46th Rilton Cup 2016-17"]
[Site "Stockholm SWE"]
[Date "2016.12.27"]
[Round "1.50"]
[White "Crevatin, Leo"]
[Black "Bellon Lopez, Juan Manuel"]
[Result "1/2-1/2"]
[BlackTitle "GM"]
[WhiteElo "1973"]
[BlackElo "2336"]
[WhiteFideId "1726307"]
[BlackFideId "2200031"]
[EventDate "2016.12.27"]

1. d4 c5 2. c3 e6 3. Nf3 Nf6 4. Bf4 Nh5 5. Bg5 Qb6 6. Qb3 h6 7. Qxb6 axb6 8. Bc1
Nc6 9. e4 g5 10. h3 d5 11. exd5 exd5 12. Bb5 Bd6 13. O-O Be6 14. Re1 Kf8 15.
Bxc6 bxc6 16. Ne5 Kg7 17. Nxc6 Rhe8 18. Ne5 Bf5 19. g4 f6 20. Nf3 Be4 21. Nbd2
Nf4 22. Nxe4 dxe4 23. Bxf4 Bxf4 24. Nh2 cxd4 25. cxd4 e3 26. Nf1 exf2+ 27. Kxf2
Rxe1 28. Rxe1 Rxa2 29. Re2 Bc1 30. b3 Ra3 31. Ne3 Rxb3 32. Nf5+ Kf8 33. Re6 b5
34. Rxf6+ Ke8 35. Rxh6 Bf4 36. Ke2 b4 37. Rh8+ Kd7 38. d5 1/2-1/2

[Event "46th Rilton Cup 2016-17"]
[Site "Stockholm SWE"]
[Date "2016.12.27"]
[Round "1.51"]
[White "Luukkonen, Tommi"]
[Black "Cramling Bellon, Anna"]
[Result "1-0"]
[WhiteTitle "FM"]
[WhiteElo "2333"]
[BlackElo "1970"]
[WhiteFideId "501808"]
[BlackFideId "32009232"]
[EventDate "2016.12.27"]

1. c4 e6 2. g3 d5 3. Nf3 d4 4. e3 c5 5. exd4 cxd4 6. Bg2 Nc6 7. O-O Nf6 8. Re1
Be7 9. a3 a5 10. d3 O-O 11. Ne5 Nxe5 12. Rxe5 Nd7 13. Re1 a4 14. Nd2 Nc5 15. Ne4
Nb3 16. Rb1 Nxc1 17. Rxc1 f5 18. Nd2 Ra5 19. Nf3 Bf6 20. Qd2 b6 21. h4 Qd6 22.
Re2 Bd7 23. Qb4 Qc5 24. Rce1 Rc8 25. Qd2 Qd6 26. Ng5 Bxg5 27. Qxg5 h6 28. Qg6
Rf8 29. f4 Rf6 30. Qh5 Rc5 31. Re5 Qf8 32. Kh2 Rxe5 33. Rxe5 Qf7 34. Qf3 Qf8 35.
Qb7 Qd8 36. c5 bxc5 37. Rxc5 Rf7 38. Rc4 Be8 39. Qa6 Qf6 40. Qb6 Rd7 41. Rxa4 g5
42. Ra8 Kf7 43. Qb8 Re7 44. Bc6 Qh8 45. Bxe8+ Rxe8 46. Qc7+ Kg6 47. h5+ 1-0

[Event "46th Rilton Cup 2016-17"]
[Site "Stockholm SWE"]
[Date "2016.12.27"]
[Round "1.52"]
[White "Bracker, Frank"]
[Black "Ammoor, Farqad"]
[Result "1-0"]
[WhiteTitle "IM"]
[WhiteElo "2435"]
[BlackElo "1812"]
[WhiteFideId "24614343"]
[BlackFideId "1738054"]
[EventDate "2016.12.27"]

1. e4 c5 2. Nf3 Nc6 3. d4 cxd4 4. Nxd4 e6 5. Nc3 a6 6. Nxc6 bxc6 7. Bd3 Bc5 8.
O-O Ne7 9. e5 O-O 10. Qh5 Ng6 11. Ne4 Be7 12. Ng5 Bxg5 13. Bxg5 Qb6 14. Rae1
Qxb2 15. Re3 f5 16. exf6 Rxf6 17. Bxf6 gxf6 18. Bxg6 hxg6 19. Qxg6+ Kf8 20. c3
f5 21. Qf6+ Ke8 22. Rg3 1-0

[Event "46th Rilton Cup 2016-17"]
[Site "Stockholm SWE"]
[Date "2016.12.28"]
[Round "2.2"]
[White "Sasikiran, Krishnan"]
[Black "Bracker, Frank"]
[Result "1-0"]
[WhiteTitle "GM"]
[BlackTitle "IM"]
[WhiteElo "2661"]
[BlackElo "2435"]
[WhiteFideId "5004985"]
[BlackFideId "24614343"]
[EventDate "2016.12.27"]

1. e4 e5 2. Nf3 Nc6 3. Bb5 a6 4. Ba4 Nf6 5. O-O Be7 6. Re1 b5 7. Bb3 d6 8. c3
O-O 9. h3 Bb7 10. d4 Re8 11. Nbd2 exd4 12. cxd4 Nd7 13. Nf1 Na5 14. Bc2 Bf6 15.
Ng3 g6 16. Bh6 c5 17. e5 dxe5 18. dxc5 Nc4 19. Ne4 Bxe4 20. Bxe4 Nxc5 21. Bxa8
Qxa8 22. b3 Nb6 23. Qd6 Ncd7 24. Rad1 Be7 25. Qd2 f6 26. a4 a5 27. Qe2 bxa4 28.
bxa4 Bf8 29. Bxf8 Rxf8 30. Qb5 Rf7 31. Rd6 Qa7 32. Rc1 Rf8 33. Rcc6 Rb8 34. Qb3+
Kf8 35. Qa3 Kg7 36. Rd1 Nf8 37. Qd6 Nbd7 38. Qe7+ Kg8 39. Rxf6 1-0

[Event "46th Rilton Cup 2016-17"]
[Site "Stockholm SWE"]
[Date "2016.12.28"]
[Round "2.3"]
[White "Hauge, Lars Oskar"]
[Black "Kravtsiv, Martyn"]
[Result "1-0"]
[WhiteTitle "IM"]
[BlackTitle "GM"]
[WhiteElo "2431"]
[BlackElo "2645"]
[WhiteFideId "1509276"]
[BlackFideId "14113147"]
[EventDate "2016.12.27"]

1. d4 d5 2. Bf4 Nf6 3. Nc3 e6 4. e3 Bb4 5. Bd3 Nbd7 6. Ne2 Nh5 7. Bg3 c5 8. dxc5
Bxc5 9. Nf4 Nxg3 10. hxg3 Ne5 11. Rh5 Bd6 12. Bxh7 Qb6 13. Qd4 Qxd4 14. exd4 Nc6
15. O-O-O Bd7 16. Nce2 Ke7 17. Rdh1 Rhc8 18. Bd3 Bxf4+ 19. gxf4 Nb4 20. Kd2 Nxd3
21. cxd3 Rc6 22. Nc3 Rb6 23. Kc2 Rc8 24. a3 Ra6 25. Rh7 g6 26. Rh8 Rc7 27. Rc1
Rac6 28. Kd2 Rc8 29. Rxc8 Rxc8 30. Rh1 Kf6 31. Rh7 Bc6 32. b3 Be8 33. Ne2 Rc6
34. Ng1 b5 35. Nf3 Ra6 36. Ne5 Rxa3 37. g4 Rxb3 38. g5+ Ke7 39. Nxg6+ Kd6 40.
Ne5 a5 41. Nxf7+ Bxf7 42. Rxf7 a4 43. g6 Rb1 44. g7 Rg1 45. Kc3 Kc6 46. Re7 Kd6
47. Ra7 Kc6 48. Kb4 Rb1+ 49. Ka5 Rg1 50. Ra6+ Kb7 51. Kxb5 Rxg7 52. Rxe6 Rf7 53.
Re2 Rxf4 54. Kc5 Rf5 55. Ra2 Kc7 56. Rxa4 Rxf2 57. Kxd5 Rf6 58. Ra7+ Kd8 59. Kc5
Rg6 60. d5 Rh6 61. d4 Rg6 62. Rb7 Rh6 63. Rb6 Rh4 64. Rg6 Rh7 65. Rg8+ Kd7 66.
Ra8 Rh6 67. Ra7+ Kd8 68. Rb7 Rg6 69. Rb6 Rg4 70. Rh6 Rg7 71. Rd6+ Kc8 72. Ra6
Rg4 73. Kc6 Kb8 74. d6 Rg6 75. Ra1 Rh6 76. Rf1 Rh8 77. Rb1+ 1-0

[Event "46th Rilton Cup 2016-17"]
[Site "Stockholm SWE"]
[Date "2016.12.28"]
[Round "2.4"]
[White "Bluebaum, Matthias"]
[Black "Sarkar, Justin"]
[Result "0-1"]
[WhiteTitle "GM"]
[BlackTitle "IM"]
[WhiteElo "2640"]
[BlackElo "2415"]
[WhiteFideId "24651516"]
[BlackFideId "2010011"]
[EventDate "2016.12.27"]

1. Nf3 Nf6 2. c4 c5 3. Nc3 d5 4. cxd5 Nxd5 5. e4 Nb4 6. Bc4 Nd3+ 7. Ke2 Nf4+ 8.
Kf1 Nd3 9. Qe2 Nxc1 10. Rxc1 a6 11. e5 e6 12. h4 Nc6 13. Rh3 b5 14. Bd3 Bb7 15.
Be4 Qb6 16. Qe3 Rd8 17. h5 h6 18. Rh4 Rd7 19. Rg4 Nd4 20. Bxb7 Nf5 21. Qe2 Qxb7
22. Ne4 c4 23. Ng3 Nxg3+ 24. Rxg3 Qd5 25. b3 cxb3 26. axb3 Be7 27. Rxg7 Qxb3 28.
d4 Kf8 29. Rg3 Qd5 30. Qd2 b4 31. Kg1 a5 32. Kh2 a4 33. Rc8+ Rd8 34. Rc7 Rd7 35.
Rc8+ Rd8 36. Rc7 b3 37. Qf4 Rd7 38. Rc8+ Rd8 39. Rc7 Ke8 40. Rg7 Rf8 41. Qxh6 b2
42. Qh7 Rd7 43. Rc8+ Rd8 44. Rc7 Rb8 45. Rxe7+ Kxe7 46. Ng5 Kd7 47. Rxf7+ Rxf7
48. Qxf7+ Kc6 49. Nxe6 Rb7 50. Qf6 Kb5 51. Qf5 Ka5 52. Nf4 Qf7 53. Qg5 Qe7 0-1

[Event "46th Rilton Cup 2016-17"]
[Site "Stockholm SWE"]
[Date "2016.12.28"]
[Round "2.5"]
[White "Sokolov, Ivan"]
[Black "Stefansson, Vignir Vatnar"]
[Result "1-0"]
[WhiteTitle "GM"]
[BlackTitle "FM"]
[WhiteElo "2632"]
[BlackElo "2404"]
[WhiteFideId "14400030"]
[BlackFideId "2308649"]
[EventDate "2016.12.27"]

1. d4 f5 2. g3 Nf6 3. Bg2 e6 4. Nf3 Be7 5. c4 d6 6. b4 O-O 7. O-O Ne4 8. Bb2 a5
9. b5 a4 10. Ne1 d5 11. Na3 dxc4 12. Qc1 c3 13. Bxc3 Nxc3 14. Qxc3 Bxa3 15. Qxa3
Qxd4 16. Nd3 e5 17. Rfd1 e4 18. Nf4 Qe5 19. e3 Nd7 20. Rac1 Nb6 21. Rc5 Qe7 22.
Qc3 Rf7 23. Bf1 g5 24. Re5 Qf8 25. Nh5 Bd7 26. Qxc7 Qh6 27. Rd6 Qxh5 28. Qxb6
Rc8 29. Qxb7 Rc1 30. Rxd7 Qe2 31. Re8+ Kg7 32. Rxf7+ Kg6 33. Rg8+ Kh5 34. Rxh7+
Kg4 35. Rxg5+ 1-0

[Event "46th Rilton Cup 2016-17"]
[Site "Stockholm SWE"]
[Date "2016.12.28"]
[Round "2.6"]
[White "Sagit, Rauan"]
[Black "Neiksans, Arturs"]
[Result "1/2-1/2"]
[WhiteTitle "IM"]
[BlackTitle "GM"]
[WhiteElo "2417"]
[BlackElo "2631"]
[WhiteFideId "1708376"]
[BlackFideId "11601388"]
[EventDate "2016.12.27"]

1. Nf3 d5 2. g3 Bg4 3. Bg2 Nd7 4. O-O c6 5. d3 e6 6. Qe1 Bc5 7. e4 Ne7 8. b4
dxe4 9. dxe4 Bxf3 10. Bxf3 Bd4 11. Nc3 a5 12. Rb1 Ne5 13. Bg2 axb4 14. Rxb4 b5
15. Be3 Nc4 16. Bxd4 Qxd4 17. a4 Qc5 18. Rb3 Rd8 19. Nb1 bxa4 20. Qb4 Qxb4 21.
Rxb4 Ne5 22. Rxa4 g5 23. h3 Rg8 24. Na3 N7g6 25. Rb1 Ke7 26. Nc4 Nxc4 27. Rxc4
Ne5 28. Rc5 f6 29. Rb7+ Kd6 30. Rc3 Rd7 31. Rxd7+ Kxd7 32. Kf1 Ng6 33. Ra3 Kd6
34. Rd3+ Kc7 35. Rf3 Rf8 36. Ke2 Rf7 37. Ra3 Kd6 38. Rd3+ Kc7 39. Ra3 Rd7 40.
Rf3 Rf7 41. Ra3 1/2-1/2

[Event "46th Rilton Cup 2016-17"]
[Site "Stockholm SWE"]
[Date "2016.12.28"]
[Round "2.7"]
[White "Cruz Lledo, Pablo"]
[Black "Postny, Evgeny"]
[Result "1-0"]
[WhiteTitle "FM"]
[BlackTitle "GM"]
[WhiteElo "2415"]
[BlackElo "2620"]
[WhiteFideId "2297361"]
[BlackFideId "2804344"]
[EventDate "2016.12.27"]

1. d4 Nf6 2. c4 e6 3. Nc3 Bb4 4. Qc2 O-O 5. e4 d6 6. e5 dxe5 7. dxe5 Ng4 8. a3
Bc5 9. Ne4 Bd4 10. f4 f5 11. exf6 Nxf6 12. Nf3 Nc6 13. Bd3 e5 14. Bd2 exf4 15.
O-O-O Kh8 16. Neg5 h6 17. h4 Qd6 18. Kb1 Bg4 19. Bg6 Qc5 20. Bb4 Qb6 21. c5 Qb5
22. Rxd4 Nxd4 23. Nxd4 Qd7 24. c6 Qxd4 25. cxb7 Rab8 26. Bxf8 Rxf8 27. Qxc7 Nd7
28. Nf7+ Kg8 29. Nd6 Be6 30. Re1 Qd5 31. Be8 Qa2+ 32. Kc2 Qb3+ 33. Kc1 f3 34.
gxf3 Rxe8 35. Nxe8 Bf5 36. Nd6 1-0

[Event "46th Rilton Cup 2016-17"]
[Site "Stockholm SWE"]
[Date "2016.12.28"]
[Round "2.8"]
[White "Houska, Jovanka"]
[Black "Antipov, Mikhail Al."]
[Result "1/2-1/2"]
[WhiteTitle "IM"]
[BlackTitle "GM"]
[WhiteElo "2397"]
[BlackElo "2580"]
[WhiteFideId "405094"]
[BlackFideId "4107012"]
[EventDate "2016.12.27"]

1. d4 e6 2. c4 b6 3. a3 Bb7 4. Nc3 d5 5. cxd5 exd5 6. g3 Nf6 7. Bg2 Nbd7 8. Nh3
c6 9. O-O Be7 10. Nf4 O-O 11. b4 b5 12. Nd3 a5 13. Bf4 Nb6 14. Nc5 Bc8 15. Qb1
a4 16. Nd1 Nh5 17. Bc1 f5 18. e3 g5 19. f4 g4 20. Nb2 Ng7 21. Nbd3 h5 22. Ne5
Rf6 23. h4 Ra7 1/2-1/2

[Event "46th Rilton Cup 2016-17"]
[Site "Stockholm SWE"]
[Date "2016.12.28"]
[Round "2.9"]
[White "Blomqvist, Erik"]
[Black "Balcerak, Philipp"]
[Result "1-0"]
[WhiteTitle "GM"]
[WhiteElo "2567"]
[BlackElo "2372"]
[WhiteFideId "1709437"]
[BlackFideId "4655036"]
[EventDate "2016.12.27"]

1. Nf3 Nf6 2. c4 c6 3. d4 d5 4. e3 Bf5 5. Nc3 e6 6. Nh4 Be4 7. f3 Bg6 8. Qb3 Qc7
9. Bd2 Be7 10. cxd5 cxd5 11. Nxg6 hxg6 12. O-O-O Nc6 13. Kb1 Rc8 14. Rc1 Nd7 15.
e4 Nxd4 16. Qd1 Rxh2 17. Nb5 Qxc1+ 18. Bxc1 Rxh1 19. Nxd4 e5 20. Ne2 d4 21. f4
exf4 22. Nxf4 Rc6 23. Ne2 Bh4 24. Nxd4 Rd6 25. e5 Rd5 26. e6 fxe6 27. Qg4 Nf6
28. Qxg6+ Kd8 29. Nxe6+ Ke7 30. Qxg7+ Kd6 31. Bc4 Kxe6 32. g3 1-0

[Event "46th Rilton Cup 2016-17"]
[Site "Stockholm SWE"]
[Date "2016.12.28"]
[Round "2.10"]
[White "Krishna, C R G"]
[Black "Urkedal, Frode"]
[Result "0-1"]
[WhiteTitle "IM"]
[BlackTitle "GM"]
[WhiteElo "2390"]
[BlackElo "2557"]
[WhiteFideId "5018625"]
[BlackFideId "1506102"]
[EventDate "2016.12.27"]

1. d4 Nf6 2. c4 e6 3. g3 d5 4. Nf3 Be7 5. Bg2 O-O 6. O-O c6 7. Qc2 b6 8. Nbd2
Bb7 9. e4 Na6 10. a3 c5 11. exd5 exd5 12. dxc5 Nxc5 13. b4 Ne6 14. Bb2 a5 15. b5
Rc8 16. Ne5 Qc7 17. Rfe1 Bc5 18. Rac1 Rfe8 19. Nb3 d4 20. Nc6 Bxc6 21. bxc6 Qd6
22. Rcd1 Red8 23. Qf5 a4 24. Nxc5 bxc5 25. Bc3 h6 26. Ba5 Re8 27. Qe5 Rxc6 28.
Bxc6 Qxc6 29. Qf5 Qa6 30. Bd2 Qxc4 31. Bxh6 Rd8 32. Bd2 Qa2 33. Ba5 Rd5 34. Re5
Rxe5 35. Qxe5 Qxa3 36. Qb8+ Nf8 37. Rb1 Qf3 38. Bd8 Ng4 39. Rf1 Kh7 40. h3 Nh6
41. Qa7 Ne6 42. Be7 Qc6 43. Rc1 Nf5 44. Bxc5 Nh4 45. gxh4 Nf4 46. f3 Qg6+ 0-1

[Event "46th Rilton Cup 2016-17"]
[Site "Stockholm SWE"]
[Date "2016.12.28"]
[Round "2.11"]
[White "Kulaots, Kaido"]
[Black "Nielsen, Rogvi Egilstoft"]
[Result "1/2-1/2"]
[WhiteTitle "GM"]
[BlackTitle "FM"]
[WhiteElo "2556"]
[BlackElo "2351"]
[WhiteFideId "4500261"]
[BlackFideId "7200447"]
[EventDate "2016.12.27"]

1. d4 Nf6 2. Nf3 e6 3. c4 Bb4+ 4. Nbd2 b6 5. a3 Be7 6. e4 d5 7. Bd3 dxe4 8. Nxe4
Bb7 9. Neg5 O-O 10. h4 h6 11. Qe2 Nbd7 12. Ne5 c5 13. Qc2 Nxe5 14. dxe5 Ng4 15.
Bh7+ Kh8 16. Bg8 g6 17. Nxf7+ Rxf7 18. Bxf7 Nxe5 19. Bxg6 Bxg2 20. Be4 Bxh1 21.
Bxh1 Rc8 22. Bd2 Bf6 23. Be4 Qg8 24. O-O-O Rd8 25. Bxh6 Rxd1+ 26. Qxd1 Nxc4 27.
Qe2 b5 28. Kc2 Nd6 29. Bf4 Nxe4 30. Qxe4 Qh7 31. Qxh7+ Kxh7 32. h5 Bd4 33. f3 a6
34. b3 c4 35. bxc4 bxc4 36. Bd2 Bg7 37. a4 Bf6 38. Bc3 Bg5 39. Bd4 Kh6 40. Kc3
Kxh5 41. Kxc4 Kg6 42. Kc5 Bd2 43. Kb6 Kf5 44. Kxa6 Kf4 45. Kb5 Kxf3 46. Kc4 Kf4
47. Bc3 Bxc3 48. Kxc3 Ke5 49. a5 Kd6 50. Kd4 1/2-1/2

[Event "46th Rilton Cup 2016-17"]
[Site "Stockholm SWE"]
[Date "2016.12.28"]
[Round "2.12"]
[White "Wallace, John Paul"]
[Black "Ivanov, Sergey"]
[Result "1/2-1/2"]
[WhiteTitle "IM"]
[BlackTitle "GM"]
[WhiteElo "2387"]
[BlackElo "2545"]
[WhiteFideId "3200957"]
[BlackFideId "4101375"]
[EventDate "2016.12.27"]

1. Nf3 Nf6 2. g3 d5 3. Bg2 c5 4. O-O e6 5. c4 d4 6. e3 Nc6 7. exd4 cxd4 8. d3
Bd6 9. Bg5 h6 10. Bxf6 Qxf6 11. Nbd2 Qd8 12. a3 a5 13. Rc1 O-O 14. c5 Be7 15.
Re1 a4 16. Ne5 Nxe5 17. Rxe5 Qc7 18. Re1 Bd7 19. Qg4 Ra5 20. Qxd4 Rxc5 21. Rxc5
Bxc5 22. Rc1 b6 23. b4 axb3 24. Nxb3 Qd6 25. Qxd6 Bxd6 26. Bc6 Bxa3 27. Bxd7
Bxc1 28. Nxc1 Rd8 29. Bb5 Rc8 30. Nb3 Rc2 31. Nd4 Rc1+ 32. Kg2 e5 33. Nc6 Rc5
34. Na7 g6 35. h4 Kg7 36. Kf3 f5 37. Bc4 Kf6 38. Nb5 g5 39. hxg5+ hxg5 40. Ke3
g4 41. Nc3 Kg5 42. Ke2 Rc6 43. Ke3 Rc5 44. Ke2 Rc6 1/2-1/2

[Event "46th Rilton Cup 2016-17"]
[Site "Stockholm SWE"]
[Date "2016.12.28"]
[Round "2.13"]
[White "Henderson de La Fuente, Lance"]
[Black "Tikkanen, Hans"]
[Result "0-1"]
[BlackTitle "GM"]
[WhiteElo "2378"]
[BlackElo "2531"]
[WhiteFideId "32096585"]
[BlackFideId "1706446"]
[EventDate "2016.12.27"]

1. e4 c6 2. Nf3 d5 3. Nc3 Bg4 4. h3 Bxf3 5. Qxf3 Nf6 6. d3 e6 7. Bd2 Qb6 8.
O-O-O Bb4 9. g4 d4 10. Nb1 Na6 11. Bf4 Nc5 12. a3 Nb3+ 13. cxb3 Qc5+ 14. Nc3
Bxa3 15. bxa3 Qxc3+ 16. Kb1 Qxb3+ 17. Kc1 e5 18. Bg5 Nd7 19. Qe2 h6 20. Bh4
Qxa3+ 21. Qb2 Qxb2+ 22. Kxb2 g5 23. Bg3 Ke7 24. Be2 a5 25. Ra1 b5 26. Rhb1 Kd6
27. f3 a4 28. Be1 h5 29. Bd2 hxg4 30. fxg4 Rxh3 31. Rh1 Rah8 32. Rxh3 Rxh3 33.
Bxg5 Rh2 34. Re1 b4 35. Bd2 Kc5 36. Kc2 Kb5 37. Kd1 a3 0-1

[Event "46th Rilton Cup 2016-17"]
[Site "Stockholm SWE"]
[Date "2016.12.28"]
[Round "2.15"]
[White "Von Bahr, Oskar"]
[Black "Bromberger, Stefan"]
[Result "1-0"]
[WhiteTitle "FM"]
[BlackTitle "GM"]
[WhiteElo "2357"]
[BlackElo "2525"]
[WhiteFideId "1703250"]
[BlackFideId "4635248"]
[EventDate "2016.12.27"]

1. e4 c5 2. Nf3 d6 3. Bb5+ Bd7 4. Bxd7+ Qxd7 5. c4 Nf6 6. Nc3 g6 7. d4 cxd4 8.
Nxd4 Bg7 9. f3 O-O 10. Be3 Nc6 11. O-O Rfc8 12. b3 a6 13. a4 Qd8 14. Qd2 Nd7 15.
Nce2 Nc5 16. Rab1 Rab8 17. Rfc1 Qf8 18. a5 Nd7 19. Nxc6 bxc6 20. b4 c5 21. b5
Ne5 22. f4 Ng4 23. h3 Nxe3 24. Qxe3 Qd8 25. b6 Qd7 26. Kh1 Qa4 27. Qd2 Rb7 28.
Ng1 Bh6 29. Nf3 Qc6 30. Re1 Qa4 31. Qd5 Rcb8 32. Ra1 Qd7 33. f5 e6 34. fxe6 fxe6
35. Qd3 Rd8 36. e5 d5 37. cxd5 Qxd5 38. Qxa6 Rbd7 39. Qb5 Rf7 40. Rf1 1-0

[Event "46th Rilton Cup 2016-17"]
[Site "Stockholm SWE"]
[Date "2016.12.28"]
[Round "2.16"]
[White "Hillarp Persson, Tiger"]
[Black "Ornstein, Axel"]
[Result "1-0"]
[WhiteTitle "GM"]
[BlackTitle "IM"]
[WhiteElo "2511"]
[BlackElo "2338"]
[WhiteFideId "1700812"]
[BlackFideId "1700111"]
[EventDate "2016.12.27"]

1. d4 Nf6 2. c4 c5 3. d5 e5 4. Nc3 d6 5. e4 Be7 6. g3 O-O 7. Bg2 Nbd7 8. Nge2
Ne8 9. O-O g6 10. Bh6 Ng7 11. Qd2 Nf6 12. f3 Kh8 13. Rae1 Bd7 14. Nc1 a6 15. Nd3
b5 16. b3 b4 17. Nd1 Ng8 18. Be3 f5 19. N1f2 fxe4 20. Nxe4 Nf5 21. Bf2 Nf6 22.
Nexc5 dxc5 23. Nxc5 Qc7 24. Nd3 Nxd5 25. cxd5 Bb5 26. Re4 Qc3 27. Rd1 Qxd2 28.
Rxd2 Bxd3 29. Rxd3 Bd6 30. Rc4 a5 31. Rc6 Rfd8 32. Bh3 Ne7 33. Rc2 a4 34. Be6
axb3 35. axb3 Ra1+ 36. Kg2 Rda8 37. f4 R8a6 38. fxe5 Bxe5 39. d6 1-0

[Event "46th Rilton Cup 2016-17"]
[Site "Stockholm SWE"]
[Date "2016.12.28"]
[Round "2.17"]
[White "Nihal, Sarin"]
[Black "Pavlovic, Milos"]
[Result "1/2-1/2"]
[WhiteTitle "FM"]
[BlackTitle "GM"]
[WhiteElo "2340"]
[BlackElo "2500"]
[WhiteFideId "25092340"]
[BlackFideId "900389"]
[EventDate "2016.12.27"]

1. d4 Nf6 2. c4 c5 3. d5 g6 4. Nc3 Bg7 5. e4 O-O 6. Nf3 d6 7. h3 a6 8. a4 e6 9.
Be2 exd5 10. cxd5 Re8 11. Nd2 Nbd7 12. O-O b6 13. f4 Rb8 14. g4 h6 15. Bd3 c4
16. Nxc4 b5 17. axb5 axb5 18. Nd2 Nc5 19. Bxb5 Rxb5 20. Nxb5 Qb6 21. Nc4 Qxb5
22. Nxd6 Qb6 23. Nxe8 Ncxe4+ 24. Kh2 Nxe8 25. Qc2 N8d6 26. Ra8 Qb7 27. Qc6 Qb3
28. Ra3 Qb8 29. Ra8 Qb3 30. Ra3 Qb8 31. Ra8 Qb3 32. Ra3 Qb8 33. Ra8 1/2-1/2

[Event "46th Rilton Cup 2016-17"]
[Site "Stockholm SWE"]
[Date "2016.12.28"]
[Round "2.18"]
[White "Liang, Awonder"]
[Black "Luukkonen, Tommi"]
[Result "1-0"]
[WhiteTitle "IM"]
[BlackTitle "FM"]
[WhiteElo "2495"]
[BlackElo "2333"]
[WhiteFideId "2056437"]
[BlackFideId "501808"]
[EventDate "2016.12.27"]

1. e4 c6 2. Nc3 d5 3. Nf3 Nf6 4. e5 Ne4 5. h3 e6 6. Qe2 Nxc3 7. dxc3 Nd7 8. Bf4
b5 9. g3 a5 10. Nd4 Qb6 11. Be3 c5 12. Nxb5 a4 13. Rd1 Ba6 14. f4 Be7 15. c4 Rb8
16. b3 O-O 17. Bg2 axb3 18. axb3 d4 19. Bd2 Bxb5 20. cxb5 c4 21. bxc4 f6 22.
exf6 Rxf6 23. Ra1 Bc5 24. Qd3 Qd6 25. O-O e5 26. Kh2 Qc7 27. fxe5 Nxe5 28. Qe4
Rxf1 29. Rxf1 Ng6 30. Qd5+ Kh8 31. Rf7 Qb6 32. Ba5 Qxa5 33. Qxc5 Qd8 34. Qd5 Qe8
35. Ra7 1-0

[Event "46th Rilton Cup 2016-17"]
[Site "Stockholm SWE"]
[Date "2016.12.28"]
[Round "2.19"]
[White "Ruecker, Benjamin"]
[Black "Zumsande, Martin"]
[Result "1/2-1/2"]
[BlackTitle "IM"]
[WhiteElo "2275"]
[BlackElo "2485"]
[WhiteFideId "4677110"]
[BlackFideId "4651324"]
[EventDate "2016.12.27"]

1. d4 d5 2. c4 e6 3. Nc3 Be7 4. Nf3 Nf6 5. Bf4 O-O 6. e3 c5 7. dxc5 Bxc5 8. Qc2
Nc6 9. a3 Qa5 10. Rd1 Re8 11. Nd2 e5 12. Bg5 Nd4 13. Qb1 Bf5 14. Bd3 Bxd3 15.
Qxd3 Ne4 16. Ncxe4 dxe4 17. Qxe4 Qb6 18. Rb1 f6 19. O-O Ne2+ 20. Kh1 fxg5 21.
Qd3 Nf4 22. exf4 Rad8 23. Qc2 exf4 24. b4 Re2 25. bxc5 Qc6 26. Qf5 Rexd2 27.
Qxg5 f3 28. gxf3 h6 29. Qg2 R8d7 30. f4 Qxc5 31. Rxb7 Qxc4 32. Rg1 Rxb7 33. Qxb7
Qd5+ 34. Qxd5+ Rxd5 35. Rg3 Rd4 36. Rf3 Kf7 37. Kg2 Kf6 38. Kg3 Kf5 39. Rc3 Ra4
40. f3 Ra5 41. h4 h5 42. Re3 g6 43. Rc3 Ra4 1/2-1/2

[Event "46th Rilton Cup 2016-17"]
[Site "Stockholm SWE"]
[Date "2016.12.28"]
[Round "2.20"]
[White "Westerberg, Jonathan"]
[Black "Prince, Bajaj"]
[Result "1/2-1/2"]
[WhiteTitle "IM"]
[BlackTitle "CM"]
[WhiteElo "2483"]
[BlackElo "2305"]
[WhiteFideId "1701754"]
[BlackFideId "5045150"]
[EventDate "2016.12.27"]

1. e4 c5 2. Nf3 e6 3. d4 cxd4 4. Nxd4 Nc6 5. Nc3 Qc7 6. f4 a6 7. Nxc6 Qxc6 8.
Bd3 b5 9. Qe2 Bb7 10. Bd2 Bc5 11. O-O-O Ne7 12. a3 O-O 13. Qh5 f5 14. g4 g6 15.
Qh6 Bd4 16. gxf5 exf5 17. h4 fxe4 18. Bxe4 d5 19. Bd3 Rf5 20. Bxf5 Nxf5 21. Qg5
Bf6 22. Qg4 Rc8 23. Rhg1 Kh8 24. Qf3 d4 25. Qxc6 Bxc6 26. Na2 Bxh4 27. Nb4 Bf3
28. Nxa6 1/2-1/2

[Event "46th Rilton Cup 2016-17"]
[Site "Stockholm SWE"]
[Date "2016.12.28"]
[Round "2.21"]
[White "Hallman, Valo"]
[Black "Salomon, Johan"]
[Result "1/2-1/2"]
[BlackTitle "IM"]
[WhiteElo "2098"]
[BlackElo "2470"]
[WhiteFideId "508098"]
[BlackFideId "1509500"]
[EventDate "2016.12.27"]

1. d4 Nf6 2. Nf3 c5 3. d5 b5 4. Bg5 Qb6 5. Bxf6 Qxf6 6. c3 g6 7. e4 Qb6 8. Nbd2
Bg7 9. a4 b4 10. Nc4 Qd8 11. Qd2 bxc3 12. bxc3 d6 13. Be2 O-O 14. O-O Nd7 15.
Rfd1 Qc7 16. Qc2 Nf6 17. Nfd2 Rb8 18. Nf1 Bd7 19. Nfe3 Rfd8 20. f4 Be8 21. g4
Nd7 22. h4 Nb6 23. h5 Nxc4 24. Nxc4 e6 25. hxg6 hxg6 26. Ne3 Qe7 27. dxe6 fxe6
28. Bc4 Bf7 29. g5 Rb7 30. Kh1 Qe8 31. Bb5 Qe7 32. Bc4 Qc7 33. Ba6 Rbb8 34. Bc4
Qc6 35. Bf1 d5 36. Bg2 dxe4 37. Bxe4 Qc7 38. Ng2 Qa5 39. Rxd8+ Rxd8 40. Rc1 Be8
41. Bxg6 Qxa4 42. Bxe8 Qxc2 43. Rxc2 Rxe8 44. Ra2 Ra8 45. Ra3 Kf7 46. Ne3 a6 47.
Kg2 Kg6 48. Kf3 a5 49. Nc4 a4 50. Nb6 Ra6 51. Nxa4 c4 52. Ke4 Ra5 53. Ra2 Kf7
54. Ra3 Ke8 55. Ra2 Ke7 56. Ra1 Kf7 57. Ra2 Kg6 58. Ra1 Kf7 59. Ra2 Ke7 60. Ra1
Bxc3 61. Rc1 Bb4 62. Nb2 c3 63. Nd3 Ra4 64. Nxb4 Rxb4+ 65. Kd3 Rxf4 66. Kxc3 Rg4
67. Kd3 Kd6 68. Ra1 Rxg5 69. Ra6+ Ke7 70. Ke4 Kf6 71. Kf4 Rh5 72. Rb6 Rh4+ 73.
Ke3 Kf5 74. Rb5+ e5 75. Rb8 Rh3+ 76. Ke2 Kf4 77. Rf8+ Ke4 78. Ra8 Rh2+ 79. Ke1
Kf4 80. Ra4+ e4 81. Ra3 Rb2 82. Rc3 Ra2 83. Rb3 Ke5 84. Rh3 Kd4 85. Rg3 Ra1+ 86.
Ke2 Kc4 87. Rg8 Ra2+ 1/2-1/2